The sayings of Confucius / (Record no. 1839)
[ view plain ]
| 000 -LEADER | |
|---|---|
| fixed length control field | 00552cac a22001811u 4500 |
| 008 - FIXED-LENGTH DATA ELEMENTS--GENERAL INFORMATION | |
| fixed length control field | 081116t1955 xxu|||||r|||| 001 0 eng d |
| 010 ## - LIBRARY OF CONGRESS CONTROL NUMBER | |
| LC control number | 55011642 |
| 035 ## - SYSTEM CONTROL NUMBER | |
| System control number | (OCoLC)869414 |
| 082 ## - DEWEY DECIMAL CLASSIFICATION NUMBER | |
| Classification number | 181.1 |
| Item number | SAY |
| Edition number | 22 |
| 245 04 - TITLE STATEMENT | |
| Title | The sayings of Confucius / |
| Statement of responsibility, etc | A new translation by James R. Ware. |
| 260 ## - PUBLICATION, DISTRIBUTION, ETC. (IMPRINT) | |
| Place of publication, distribution, etc | [New York] |
| Name of publisher, distributor, etc | New American Library |
| Date of publication, distribution, etc | [1955] |
| 300 ## - PHYSICAL DESCRIPTION | |
| Extent | 125 p. |
| Dimensions | 18 cm. |
| 490 0# - Series Statement | |
| Series statement | N.A.L. mentor books, |
| Volume/sequential designation | 151 |
| 500 ## - GENERAL NOTE | |
| General note | A Mentor religious classic. |
| 500 ## - GENERAL NOTE | |
| General note | Donations |
| 500 ## - GENERAL NOTE | |
| General note | Donations - Dr. Mostafa Gouda |
| 942 ## - ADDED ENTRY ELEMENTS (KOHA) | |
| Item type | Book - Borrowing |
| Call number prefix | 181.1SAY |
| Source of classification or shelving scheme | Dewey Decimal Classification |
| Withdrawn status | Item status | Damaged status | Not for loan | Home library | Current library | Shelving location | Date acquired | Source of acquisition | Total Checkouts | Full call number | Barcode | Date last seen | Koha item type |
|---|---|---|---|---|---|---|---|---|---|---|---|---|---|
| Central Library | Central Library | Lower Floor | 18/12/2006 | Purchase | 181.1 SAY | 000002478 | 15/07/2025 | Book - Borrowing |